| 000 | 00950nam a22002417a 4500 | ||
|---|---|---|---|
| 005 | 20240530110611.0 | ||
| 008 | 161116s2014 ua b g b 000 0 ar d | ||
| 017 |
_a2806 _bمصر. دار الكتب |
||
| 020 | _a9789776456150 | ||
| 040 |
_aEG-CaGPL _cEG-CaGPL |
||
| 082 | 0 | 4 |
_221 _a910.1572\ _bح ا |
| 100 | 0 | _aحسام الدين جاد الرب | |
| 245 | 1 | 0 |
_aاسس الجغرافيا البشرية و الاجتماعية / _cحسام الدين جاد الرب . |
| 250 | _aط.1 | ||
| 260 |
_aالقاهرة : _bدار الجوهرة للنشر و التوزيع ، _c2014 . |
||
| 300 |
_a338 ص. : _bايض ؛ _c24 سم . |
||
| 504 | _aيشتمل على ارجاعات ببليوجرافية | ||
| 650 | 0 | 7 |
_2qrmak _aالجغرافيا البشرية |
| 650 | 0 | 7 |
_2qrmak _aالبيئة و الانسان |
| 650 | 0 | 7 |
_2qrmak _aالجغرافيا الاجتماعية |
| 942 |
_2ddc _cBK |
||
| 999 |
_c62859 _d62859 |
||